Pays visités par Georges Pompidou durant son mandat - Statistiques

Statistiques générales
  • Ce quiz a été pris 24 fois
  • Le résultat moyen est 20 sur 33
Réponses sur la Carte
Les réponses sont colorées sur une échelle allant du rouge au vert en fonction du pourcentage des utilisateurs qui les ont devinées à leur premier essai. Vous pouvez retrouver ces pourcentages ci-dessous.
 
Statistiques - réponses
1969 % Correct
Etats-Unis
96%
Allemagne de l'Ouest
91%
URSS
83%
Belgique
78%
Chine
78%
URSS
74%
URSS
74%
URSS
74%
URSS
74%
URSS
74%
URSS
74%
URSS
74%
URSS
74%
URSS
74%
URSS
74%
URSS
74%
URSS
74%
URSS
74%
URSS
74%
Luxembourg
52%
Iran
43%
Sénégal
43%
Haute-Volta
39%
Mauritanie
39%
Niger
39%
Tchad
39%
Togo
39%
Côte d'Ivoire
35%
Gabon
35%
Cameroun
30%
Ethiopie
26%
Islande
26%
Territoire français des Afars et des Issas
26%
Aucun quiz correspondant
Distribution des résultats
% des personnes avec chaque résultat
Percentile par nombre de réponses
Votre historique - résultats
Vous n’avez pas pris ce quiz